División y secuencia de los contenidos curriculares en la reforma : razones y aspectos críticos (Record no. 66208)

MARC details
000 -CABECERA
campo de control de longitud fija 00682nam a2200217 a 4500
005 - FECHA Y HORA DE LA ÚLTIMA TRANSACCIÓN
campo de control 20210223123838.0
008 - ELEMENTOS DE LONGITUD FIJA--INFORMACIÓN GENERAL
campo de control de longitud fija 991125n 000 0 spa u
035 ## - NÚMERO DE CONTROL DEL SISTEMA
Número de control de sistema UPN01000073062
100 ## - ASIENTO PRINCIPAL--NOMBRE PERSONAL
Nombre de persona BOLIVAR BOTIA, Antonio, 1952-
9 (RLIN) 31294
222 ## - TÍTULO CLAVE
Título clave REVISTA DE CIENCIAS DE LA EDUCACION (Madrid, España)
245 ## - MENCIÓN DE TÍTULO
Título División y secuencia de los contenidos curriculares en la reforma : razones y aspectos críticos
300 ## - DESCRIPCIÓN FÍSICA
Extensión 545-556
362 ## - FECHAS DE PUBLICACIÓN Y/O DESIGNACIÓN SECUENCIAL
Fecha de publicación y/o designación secuencial 1993 No. 156, (oct.-dic.)
653 0# - TERMINO DE INDIZACION - NO CONTROLADO
Término no controlado CURRICULUM
653 0# - TERMINO DE INDIZACION - NO CONTROLADO
Término no controlado DESARROLLO CURRICULAR
653 0# - TERMINO DE INDIZACION - NO CONTROLADO
Término no controlado DISEÑO CURRICULAR
653 0# - TERMINO DE INDIZACION - NO CONTROLADO
Término no controlado ESPAÑA
653 0# - TERMINO DE INDIZACION - NO CONTROLADO
Término no controlado REFORMA CURRICULAR
904 ## - ELEMENTOS DE DATOS D LOCAL, LDD (RLIN)
a AC
b 010873
905 ## - TIPO DE MATERIAL
Tipo de material Articulo

No items available.